Campesinado y agricultura en América Latina

Zapisane w:
Opis bibliograficzny
1. autor: Menéndez, Iván
Format: Texto
Wydane: s.l.: s.e.
Etykiety: Dodaj etykietę
Nie ma etykietki, Dołącz pierwszą etykiete!

MARC

LEADER 00000 a a2200000 04500
001 25201
003
040
090 |a 180200  
100 |a Menéndez, Iván  
245 |a Campesinado y agricultura en América Latina  
260 |a s.l.:   |b s.e.  
300 |a 9 p.  
999 |c 5419  |d 5419